000 00601nam a22001937a 4500
003 DO-SdBNP
005 20210830111949.0
008 210830b 2018 dr 00| 0 eng d
020 _a9789945481983
040 _aDO-SdBNP
_bspa
_cBNPHU
100 1 _aLeonardo, Ramón,
_d1954-
_979008
245 1 3 _aLa vida es un poema /
_cRamónLeonardo ; prólogo Oscar Delamota
260 _aSanto Domingo :
_bCentenario ;
_c2018.
300 _a111 p. ;
_c24 cm.
500 _aIncluye datos biográficos del autor en la solapa de la cubierta
590 _aInventariado, 2021/BT
910 _aBtavárez
942 _2ddc
_cLBS1
999 _c50323
_d50323